| 000 | 00888cam a22001935a 4500 | ||
|---|---|---|---|
| 001 | L149851 | ||
| 008 | 100505e2010 xxk 000 0 eng d | ||
| 035 | _a(Sirsi) u149851 | ||
| 041 | 0 | _aeng | |
| 110 | 2 |
_aProperty Week _91549 |
|
| 245 | 0 | 0 | _aCentral London starts with a bang |
| 260 | _c2010 | ||
| 490 | 0 |
_aProperty Week _v76(16) 23 April 2010, 38(1) |
|
| 520 | _aPropertyData's first quarter 2010 agents league tables show CB Richard Ellis and Jones Lang LaSalle topping the tables. CB Richard Ellis has more than doubled its business transacted in central London in the first quarter 2010. King Sturge, 2009's industrial investment leader, has had a quieter start to 2010. CB Richard Ellis and Knight Frank have been busiest in the shed sector. | ||
| 590 | _aKA | ||
| 651 | 4 |
_aUnited Kingdom _y |
|
| 690 | _aPROPERTY-COMMERCIAL PROPERTY-COMMERCIAL PROPERTY MARKET | ||
| 942 | _n0 | ||
| 999 |
_c82301 _d82301 |
||